000 00320nam a2200121 a 4500
005 20140513081057.0
008 071001s19uu xx 00 eng d
050 _aMap
_bPOL 2007
245 _aPhilippine Map.
260 _aPhilippines :
_bUnited Tourist promotions,
_c2007.
650 _aMap
_xPhilippines
999 _c116578
_d116578